| 000 | 00000nam 2200000za 4500 |
| 001 | 9.822177 |
| 003 | CaOODSP |
| 005 | 20221107143630 |
| 007 | cr ||||||||||| |
| 008 | 160808s1976 onc oz f000 0 eng d |
| 040 | |aCaOODSP|beng |
| 041 | |aeng|afre |
| 043 | |an-cn--- |
| 086 | 1 |aE3-1975/3-PDF|zE3-1975/3 |
| 245 | 00|aRefugees |h[electronic resource] : |bprotocol relating to refugee seamen = Réfugiés : protocole relatif aux marins réfugiés. |
| 246 | 31|aRéfugiés : |bprotocole relatif aux marins réfugiés |
| 246 | 16|aProtocol relating to refugee seamen |
| 260 | |aOttawa : |bQueen's Printer = Imprimeur de la Reine, |c1976. |
| 300 | |a7 p. |
| 490 | 1 |aTreaty series = Recueil des traités ; |v1975, no. 3 |
| 500 | |a"Done at The Hague, June 12, 1973. Canada's instrument of acceptance deposited January 9, 1975. In force February 10, 1975." |
| 530 | |aIssued also in printed form. |
| 546 | |aText in English and French. |
| 692 | 07|2gccst|aRefugees |
| 692 | 07|2gccst|aMultilateral agreements |
| 710 | 1 |aCanada. |bDepartment of External Affairs. |
| 792 | |tRefugees |efre|w(CaOODSP)9.822180 |
| 830 | #0|aTreaty series = Recueil des traités ;|v1975, no. 3|w(CaOODSP)9.813197 |
| 856 | 40|qPDF|s500 KB|uhttps://publications.gc.ca/collections/collection_2016/amc-gac/E3-1975-3.pdf |